Eurovision 2026 - Qualified or Not? - Statistics

General Stats
  • This quiz has been taken 250 times
  • The average score is 30 of 35
Answer Stats
Hint Answer % Correct
Bulgaria Qualified
92%
San Marino Non-Qualified
91%
Albania Qualified
91%
Greece Qualified
91%
Ukraine Qualified
91%
Croatia Qualified
90%
Denmark Qualified
90%
Finland Qualified
90%
Moldova Qualified
90%
Norway Qualified
90%
Romania Qualified
90%
Belgium Qualified
89%
Cyprus Qualified
89%
Israel Qualified
89%
Malta Qualified
89%
Australia Qualified
88%
Czechia Qualified
88%
Lithuania Qualified
88%
Poland Qualified
88%
Sweden Qualified
88%
Azerbaijan Non-Qualified
87%
Georgia Non-Qualified
87%
Montenegro Non-Qualified
87%
Serbia Qualified
87%
Estonia Non-Qualified
86%
United Kingdom Automatic Qualifier
85%
France Automatic Qualifier
84%
Italy Automatic Qualifier
83%
Luxembourg Non-Qualified
83%
Germany Automatic Qualifier
82%
Armenia Non-Qualified
82%
Latvia Non-Qualified
82%
Portugal Non-Qualified
81%
Austria Automatic Qualifier
79%
Switzerland Non-Qualified
75%
No matching quizzes found
Score Distribution
Percent of People with Each Score
Percentile by Number Answered
Your Score History
You have not taken this quiz